An introduction to power electronics (Record no. 47949)

MARC details
000 -LEADER
fixed length control field 00662nam a2200193 a 4500
008 - FIXED-LENGTH DATA ELEMENTS--GENERAL INFORMATION
fixed length control field 060316s1983 ||||||||||||||||| || u
020 ## - INTERNATIONAL STANDARD BOOK NUMBER
International Standard Book Number 0471104302
020 ## - INTERNATIONAL STANDARD BOOK NUMBER
International Standard Book Number 0471900516
050 ## - LIBRARY OF CONGRESS CALL NUMBER
Classification number TK 7881.15 Bir
100 ## - MAIN ENTRY--PERSONAL NAME
Personal name Bird, B. M
245 13 - TITLE STATEMENT
Title An introduction to power electronics
260 ## - PUBLICATION, DISTRIBUTION, ETC.
Place of publication, distribution, etc. Chichester
Name of publisher, distributor, etc. John Wiley and Sons
Date of publication, distribution, etc. 1983
300 ## - PHYSICAL DESCRIPTION
Extent xvi, 287 p. : ill.
350 ## - PRICE (NR) (BK AM CF MU VM SE) [OBSOLETE]
Price 0.00
500 ## - GENERAL NOTE
General note Includes index. -Bibliography: p. 282.
650 #0 - SUBJECT ADDED ENTRY--TOPICAL TERM
Topical term or geographic name entry element POWER ELECTRONICS
700 ## - ADDED ENTRY--PERSONAL NAME
Personal name King, K. G
995 ## - RECOMMENDATION 995 [LOCAL, UNIMARC FRANCE]
-- 0.00
-- CBU-MAIN LIBRARY (Kitwe)
-- 1
-- 27.60
-- AVAILABLE
-- Main Library Open Access Collection
Holdings
Withdrawn status Lost status Source of classification or shelving scheme Damaged status Not for loan Home library Current library Shelving location Date acquired Total Checkouts Full call number Barcode Date last seen Price effective from Koha item type
          CBU-MAIN LIBRARY, KITWE. CBU-MAIN LIBRARY, KITWE.   11/30/2022   TK 7881.15 Bir 017049 11/30/2022 11/30/2022 MONOGRAPH